Dane
Z obsahu: Desiata kapitola je o zvyšovaní daňového zaťaženia. Už desaťročie Európska komisia presadzuje reformu DPH. Hlasy volajúce po harmonizácii zdaňovania firiem silnejú. Sociálne odvody stierajú rozdiely v daňovej záťaži práce a kapitálu. Brusel volá po jednotnom daňovom základe.
Salvato in:
| Autore principale: | |
|---|---|
| Altri autori: | |
| Natura: | Capitolo di libro |
| Lingua: | slovacco |
| Soggetti: | |
| Tags: |
Nessun Tag, puoi essere il primo ad aggiungerne!!
|
MARC
| LEADER | 00000naa a2200000 4500 | ||
|---|---|---|---|
| 001 | r045651 | ||
| 005 | 20230921114113.4 | ||
| 041 | 0 | |a slo | |
| 044 | |a SK | ||
| 245 | 1 | 0 | |a Dane |c Rado Baťo, Juraj Janoška |
| 520 | |a Z obsahu: Desiata kapitola je o zvyšovaní daňového zaťaženia. Už desaťročie Európska komisia presadzuje reformu DPH. Hlasy volajúce po harmonizácii zdaňovania firiem silnejú. Sociálne odvody stierajú rozdiely v daňovej záťaži práce a kapitálu. Brusel volá po jednotnom daňovom základe. | ||
| 610 | 2 | 0 | |a dane |
| 610 | 2 | 0 | |a zaťaženie daňové |
| 610 | 2 | 0 | |a dane z hodnoty pridanej |
| 610 | 2 | 0 | |a reformy daňové |
| 610 | 2 | 0 | |a zdaňovanie |
| 610 | 2 | 0 | |a firmy |
| 610 | 2 | 0 | |a práca |
| 610 | 2 | 0 | |a kapitál |
| 610 | 2 | 0 | |a odvody |
| 610 | 2 | 0 | |a základ dane |
| 610 | 2 | 0 | |a Slovensko |
| 610 | 2 | 0 | |a Európska únia |
| 100 | 1 | |a Baťo, Rado | |
| 700 | 1 | |a Janoška, Juraj | |